000 00628nam a2200181Ia 4500
008 100920s9999 xx 000 0 und d
082 _b92525
_a--- न 01
100 _aभट रविंद्र.
245 _aइंद्रायणी काठी.
260 _bइंद्रायणी साहित्य प्रकाशन पुणे 30.
_c2001
300 _a336
_bसाधी
365 _b160
520 _aकादंबरी.
630 _aइंद्रायणी काठी.
650 _aकादंबरी.
730 _aइंद्रायणी काठी.
942 _cBOOK
999 _c732971
_d732968